[Event "Test Tournament"]
[Site "Emanuel Lasker Arena"]
[Date "2024.04.09"]
[Round "4"]
[White "PinPointPro"]
[Black "CheckMaid"]
[Result "*"]
[WhiteElo "1984"]
[BlackElo "1645"]
[Annotator "RC"]
[PlyCount "46"]
[EventDate "2024.04.09"]
[EventType "swiss (blitz)"]

{CheckMaid resigns} 1. c4 {[%emt 0:00:01]} c5 {[%emt 0:00:01]} 2. g3 {[%emt 0:00:01]} g6 {[%emt 0:00:01]} 3. Bg2 {[%emt 0:00:01]} Bg7 {[%emt 0:00:01]} 4. Nc3 {[%emt 0:00:01]} Nf6 {[%emt 0:00:05]} 5. Nf3 {[%emt 0:00:05]} Nc6 {[%emt 0:00:01]} 6. O-O {[%emt 0:00:01]} O-O {[%emt 0:00:02]} 7. d3 {[%emt 0:00:01]} d5 {[%emt 0:00:01]} 8. d4 {[%emt 0:00:01]} dxc4 {[%emt 0:00:01]} 9. dxc5 {[%emt 0:00:01]} Bg4 {[%emt 0:00:02]} 10. Be3 {[%emt 0:00:04]} h5 {[%emt 0:00:04]} 11. Rc1 {[%emt 0:00:03]} Qa5 {[%emt 0:00:03]} 12. Ng5 {[%emt 0:00:03]} Rad8 {[%emt 0:00:03]} 13. Qc2 {[%emt 0:00:03]} Nd4 {[%emt 0:00:04]} 14. Bxd4 {[%emt 0:00:01]} Rxd4 {[%emt 0:00:02]} 15. c6 {[%emt 0:00:03]} Qxg5 {[%emt 0:00:01]} 16. cxb7 {[%emt 0:00:01]} h4 {[%emt 0:00:02]} 17. h3 {[%emt 0:00:03]} hxg3 {[%emt 0:00:02]} 18. fxg3 {[%emt 0:00:02]} Nh5 {[%emt 0:00:02]} 19. e3 {[%emt 0:00:01]} Qxe3+ {[%emt 0:00:01]} 20. Qf2 {[%emt 0:00:01]} Bh6 {[%emt 0:00:19]} 21. hxg4 {[%emt 0:00:01]} Nxg3 {[%emt 0:00:00]} 22. Rcd1 {[%emt 0:00:02]} Rxg4 {[%emt 0:00:00]} 23. Qxe3 {[%emt 0:00:01]} Bxe3+ {[%emt 0:00:01]} *

[Event "Test Tournament"]
[Site "Emanuel Lasker Arena"]
[Date "2024.04.09"]
[Round "4"]
[White "Local Hero"]
[Black "Jed Bartlet"]
[Result "1-0"]
[WhiteElo "1983"]
[BlackElo "2159"]
[Annotator "RC"]
[PlyCount "79"]
[EventDate "2024.04.09"]
[EventType "swiss (blitz)"]
[TimeControl "60"]

1. e4 {[%emt 0:00:01]} e5 {[%emt 0:00:01]} 2. Nf3 {[%emt 0:00:01]} Nc6 {[%emt 0:00:01]} 3. Bb5 {[%emt 0:00:01]} a6 {[%emt 0:00:01]} 4. Ba4 {[%emt 0:00:01]} Nf6 {[%emt 0:00:01]} 5. O-O {[%emt 0:00:01]} Be7 {[%emt 0:00:01]} 6. Re1 {[%emt 0:00:01]} b5 {[%emt 0:00:01]} 7. Bb3 {[%emt 0:00:01]} d6 {[%emt 0:00:01]} 8. c3 {[%emt 0:00:01]} O-O {[%emt 0:00:01]} 9. h3 {[%emt 0:00:01]} Na5 {[%emt 0:00:01]} 10. Bc2 {[%emt 0:00:01]} c5 {[%emt 0:00:01]} 11. d4 {[%emt 0:00:01]} Qc7 {[%emt 0:00:01]} 12. Nbd2 {[%emt 0:00:01]} cxd4 {[%emt 0:00:01]} 13. cxd4 {[%emt 0:00:01]} Rd8 {[%emt 0:00:01]} 14. d5 {[%emt 0:00:01]} Bd7 {[%emt 0:00:01]} 15. Bd3 {[%emt 0:00:01]} Nb7 {[%emt 0:00:01]} 16. Nb3 {[%emt 0:00:02]} h6 {[%emt 0:00:04]} 17. Nh4 {[%emt 0:00:03]} Nxd5 {[%emt 0:00:02]} 18. exd5 {[%emt 0:00:01]} Bxh4 {[%emt 0:00:01]} 19. Be3 {[%emt 0:00:04]} Na5 {[%emt 0:00:03]} 20. Qh5 {[%emt 0:00:03]} Nxb3 {[%emt 0:00:03]} 21. axb3 {[%emt 0:00:01]} Be7 {[%emt 0:00:03]} 22. Rac1 {[%emt 0:00:03]} Qb7 {[%emt 0:00:03]} 23. b4 {[%emt 0:00:02]} Qxd5 {[%emt 0:00:01]} 24. Red1 {[%emt 0:00:02]} Rdc8 {[%emt 0:00:02]} 25. Bh7+ {[%emt 0:00:01]} Kxh7 {[%emt 0:00:01]} 26. Rxd5 {[%emt 0:00:01]} Rxc1+ {[%emt 0:00:01]} 27. Bxc1 {[%emt 0:00:01]} Rc8 {[%emt 0:00:02]} 28. Be3 {[%emt 0:00:02]} Kg8 {[%emt 0:00:02]} 29. f4 {[%emt 0:00:02]} Rc2 {[%emt 0:00:02]} 30. Rd1 {[%emt 0:00:02]} Be6 {[%emt 0:00:01]} 31. f5 {[%emt 0:00:01]} Bc4 {[%emt 0:00:01]} 32. Qf3 {[%emt 0:00:02]} d5 {[%emt 0:00:01]} 33. Bc5 {[%emt 0:00:01]} e4 {[%emt 0:00:01]} 34. Qg3 {[%emt 0:00:02]} Bg5 {[%emt 0:00:02]} 35. Qb8+ {[%emt 0:00:02]} Kh7 {[%emt 0:00:01]} 36. Qe8 {[%emt 0:00:02]} Bf4 {[%emt 0:00:01]} 37. Qxf7 {[%emt 0:00:01]} e3 {[%emt 0:00:01]} 38. Qg6+ {[%emt 0:00:01]} Kh8 {[%emt 0:00:01]} 39. f6 {[%emt 0:00:01]} Rxb2 {[%emt 0:00:01]} 40. Qxg7# {[%emt 0:00:01] (Lag: Av=0.08s, max=0.9s)} 1-0

[Event "Test Tournament"]
[Site "Emanuel Lasker Arena"]
[Date "2024.04.09"]
[Round "4"]
[White "Local Hero"]
[Black "Bauernklopper"]
[Result "*"]
[WhiteElo "1983"]
[BlackElo "1620"]
[Annotator "RC"]
[PlyCount "62"]
[EventDate "2024.04.09"]
[EventType "swiss (blitz)"]

{Local Hero resigns Bauernklopper resigns} 1. d4 {[%emt 0:00:01]} d5 {[%emt 0:00:01]} 2. c4 {[%emt 0:00:01]} dxc4 {[%emt 0:00:01]} 3. Nf3 {[%emt 0:00:01]} Nf6 {[%emt 0:00:01]} 4. e3 {[%emt 0:00:01]} e6 {[%emt 0:00:01]} 5. Bxc4 {[%emt 0:00:01]} c5 {[%emt 0:00:01]} 6. O-O {[%emt 0:00:01]} a6 {[%emt 0:00:01]} 7. dxc5 {[%emt 0:00:01]} Qxd1 {[%emt 0:00:01]} 8. Rxd1 {[%emt 0:00:01]} Bxc5 {[%emt 0:00:01]} 9. Nbd2 {[%emt 0:00:01]} O-O {[%emt 0:00:01]} 10. Be2 {[%emt 0:00:01]} Nc6 {[%emt 0:00:01]} 11. b3 {[%emt 0:00:01]} Rd8 {[%emt 0:00:01]} 12. Bb2 {[%emt 0:00:04]} b6 {[%emt 0:00:01]} 13. a3 {[%emt 0:00:02]} Bb7 {[%emt 0:00:04]} 14. Rac1 {[%emt 0:00:04]} e5 {[%emt 0:00:03]} 15. Nc4 {[%emt 0:00:03]} Rxd1+ {[%emt 0:00:03]} 16. Rxd1 {[%emt 0:00:01]} Rd8 {[%emt 0:00:03]} 17. Nfxe5 {[%emt 0:00:03]} Ne4 {[%emt 0:00:03]} 18. Rd7 {[%emt 0:00:03]} Rxd7 {[%emt 0:00:03]} 19. Nxd7 {[%emt 0:00:01]} b5 {[%emt 0:00:02]} 20. Nxc5 {[%emt 0:00:01]} Nxc5 {[%emt 0:00:01]} 21. Nd6 {[%emt 0:00:03]} f6 {[%emt 0:00:02]} 22. f3 {[%emt 0:00:02]} Ne5 {[%emt 0:00:02]} 23. b4 {[%emt 0:00:02]} Ned7 {[%emt 0:00:02]} 24. Bd4 {[%emt 0:00:01]} Nb3 {[%emt 0:00:03]} 25. Nxb7 {[%emt 0:00:01]} Nb8 {[%emt 0:00:01]} 26. Nc5 {[%emt 0:00:02]} Nc1 {[%emt 0:00:01]} 27. Bf1 {[%emt 0:00:02]} h6 {[%emt 0:00:01]} 28. Nxa6 {[%emt 0:00:01]} Nxa6 {[%emt 0:00:01]} 29. Bxb5 {[%emt 0:00:01]} Nc7 {[%emt 0:00:01]} 30. Bc4+ {[%emt 0:00:01]} Kf8 {[%emt 0:00:01]} 31. Bb2 {[%emt 0:00:01]} Ke7 {[%emt 0:00:01]} *

[Event "Test Tournament"]
[Site "Emanuel Lasker Arena"]
[Date "2024.04.09"]
[Round "4"]
[White "RCFlyer"]
[Black "Brutus"]
[Result "0-1"]
[WhiteElo "1977"]
[BlackElo "2041"]
[Annotator "RC"]
[PlyCount "38"]
[EventDate "2024.04.09"]
[EventType "swiss (blitz)"]
[TimeControl "60"]

1. e4 {[%emt 0:00:01]} c6 {[%emt 0:00:01]} 2. d4 {[%emt 0:00:01]} d5 {[%emt 0:00:01]} 3. e5 {[%emt 0:00:01]} Bf5 {[%emt 0:00:01]} 4. g4 {[%emt 0:00:01]} Be4 {[%emt 0:00:01]} 5. f3 {[%emt 0:00:01]} Bg6 {[%emt 0:00:01]} 6. h4 {[%emt 0:00:01]} h6 {[%emt 0:00:01]} 7. h5 {[%emt 0:00:01]} Bh7 {[%emt 0:00:01]} 8. Nc3 {[%emt 0:00:05]} Qb6 {[%emt 0:00:01]} 9. Nh3 {[%emt 0:00:02]} Nd7 {[%emt 0:00:08]} 10. Bf4 {[%emt 0:00:04]} Qxb2 {[%emt 0:00:01]} 11. Na4 {[%emt 0:00:07]} Qxc2 {[%emt 0:00:01]} 12. Qxc2 {[%emt 0:00:01]} Bxc2 {[%emt 0:00:01]} 13. Nc3 {[%emt 0:00:03]} e6 {[%emt 0:00:04]} 14. a4 {[%emt 0:00:03]} Bb4 {[%emt 0:00:04]} 15. Kd2 {[%emt 0:00:03]} Bb3 {[%emt 0:00:03]} 16. Rb1 {[%emt 0:00:02]} Bxc3+ {[%emt 0:00:03]} 17. Kxc3 {[%emt 0:00:01]} Bxa4 {[%emt 0:00:01]} 18. Rb6 {[%emt 0:00:01]} axb6 {[%emt 0:00:01]} 19. Bd3 {[%emt 0:00:02]} g5 {[%emt 0:00:03] Time (Lag: Av=0.06s, max=0.1s) .} 0-1

[Event "Test Tournament"]
[Site "Emanuel Lasker Arena"]
[Date "2024.04.09"]
[Round "4"]
[White "Myopix"]
[Black "LiliBeth"]
[Result "1-0"]
[WhiteElo "1965"]
[BlackElo "1853"]
[Annotator "RC"]
[PlyCount "53"]
[EventDate "2024.04.09"]
[EventType "swiss (blitz)"]
[TimeControl "60"]

1. e4 {[%emt 0:00:02]} e5 {[%emt 0:00:01]} 2. Nf3 {[%emt 0:00:01]} Nc6 {[%emt 0:00:01]} 3. Bb5 {[%emt 0:00:01]} a6 {[%emt 0:00:00]} 4. Ba4 {[%emt 0:00:01]} d6 {[%emt 0:00:01]} 5. O-O {[%emt 0:00:02]} Bd7 {[%emt 0:00:01]} 6. d4 {[%emt 0:00:02]} Nge7 {[%emt 0:00:01]} 7. c3 {[%emt 0:00:01]} Ng6 {[%emt 0:00:02]} 8. h3 {[%emt 0:00:01]} b5 {[%emt 0:00:01]} 9. Bg5 {[%emt 0:00:01]} f6 {[%emt 0:00:08]} 10. Bb3 {[%emt 0:00:04]} fxg5 {[%emt 0:00:01]} 11. a4 {[%emt 0:00:04]} Nf4 {[%emt 0:00:04]} 12. Bd5 {[%emt 0:00:03]} Be7 {[%emt 0:00:03]} 13. Nbd2 {[%emt 0:00:03]} exd4 {[%emt 0:00:03]} 14. axb5 {[%emt 0:00:01]} axb5 {[%emt 0:00:01]} 15. Qb3 {[%emt 0:00:03]} Rf8 {[%emt 0:00:03]} 16. Qxb5 {[%emt 0:00:03]} Ne5 {[%emt 0:00:02]} 17. Qb7 {[%emt 0:00:03]} Ne2+ {[%emt 0:00:03]} 18. Kh2 {[%emt 0:00:01]} Rb8 {[%emt 0:00:03]} 19. Qa6 {[%emt 0:00:03]} dxc3 {[%emt 0:00:02]} 20. Rad1 {[%emt 0:00:02]} Nxf3+ {[%emt 0:00:03]} 21. Nxf3 {[%emt 0:00:01]} Rxb2 {[%emt 0:00:01]} 22. e5 {[%emt 0:00:02]} dxe5 {[%emt 0:00:01]} 23. Nxe5 {[%emt 0:00:01]} Bd6 {[%emt 0:00:02]} 24. f4 {[%emt 0:00:01]} Qf6 {[%emt 0:00:02]} 25. Bc6 {[%emt 0:00:01]} Bxc6 {[%emt 0:00:01]} 26. Qxc6+ {[%emt 0:00:01]} Ke7 {[%emt 0:00:01]} 27. Qd7# {[%emt 0:00:01] (Lag: Av=0.08s, max=0.5s)} 1-0

[Event "Test Tournament"]
[Site "Emanuel Lasker Arena"]
[Date "2024.04.09"]
[Round "4"]
[White "Hollis"]
[Black "Einpassant"]
[Result "0-1"]
[WhiteElo "1881"]
[BlackElo "1620"]
[Annotator "NA RC"]
[PlyCount "68"]
[EventDate "2024.04.09"]
[EventType "swiss (blitz)"]
[TimeControl "60"]

1. d4 {[%emt 0:00:01]} d5 {[%emt 0:00:01]} 2. c4 {[%emt 0:00:02]} e6 {[%emt 0:00:01]} 3. Nc3 {[%emt 0:00:01]} Nf6 {[%emt 0:00:01]} 4. cxd5 {[%emt 0:00:01]} exd5 {[%emt 0:00:01]} 5. Bg5 {[%emt 0:00:01]} c6 {[%emt 0:00:01]} 6. e3 {[%emt 0:00:01]} Be7 {[%emt 0:00:01]} 7. Bd3 {[%emt 0:00:01]} Nbd7 {[%emt 0:00:01]} 8. Qc2 {[%emt 0:00:01]} O-O {[%emt 0:00:01]} 9. Nf3 {[%emt 0:00:01]} Re8 {[%emt 0:00:01]} 10. O-O {[%emt 0:00:01]} Nf8 {[%emt 0:00:01]} 11. Rae1 {[%emt 0:00:01]} g6 {[%emt 0:00:01]} 12. Ne5 {[%emt 0:00:01]} Ne6 {[%emt 0:00:01]} 13. h4 {[%emt 0:00:04]} Nxg5 {[%emt 0:00:01]} 14. hxg5 {[%emt 0:00:01]} Ng4 {[%emt 0:00:04]} 15. e4 {[%emt 0:00:04]} Bb4 {[%emt 0:00:01]} 16. a3 {[%emt 0:00:03]} dxe4 {[%emt 0:00:04]} 17. Nxg4 {[%emt 0:00:03]} Bxg4 {[%emt 0:00:01]} 18. Rxe4 {[%emt 0:00:01]} Rxe4 {[%emt 0:00:01]} 19. Nxe4 {[%emt 0:00:01]} Be7 {[%emt 0:00:01]} 20. Qb3 {[%emt 0:00:03]} Qxd4 {[%emt 0:00:01]} 21. Qxb7 {[%emt 0:00:01]} Re8 {[%emt 0:00:04]} 22. Qxc6 {[%emt 0:00:02]} Rc8 {[%emt 0:00:04]} 23. Nd6 {[%emt 0:00:16]} Rxc6 {[%emt 0:00:01]} 24. Re1 {[%emt 0:00:02]} Bxd6 {[%emt 0:00:01]} 25. b4 {[%emt 0:00:01]} Qxd3 {[%emt 0:00:02]} 26. b5 {[%emt 0:00:01]} Bh2+ {[%emt 0:00:02]} 27. Kh1 {[%emt 0:00:01]} Rc1 {[%emt 0:00:04]} 28. Rxc1 {[%emt 0:00:00]} Bf4 {[%emt 0:00:02]} 29. Re1 {[%emt 0:00:01]} Qxb5 {[%emt 0:00:01]} 30. Kg1 {[%emt 0:00:01]} Be6 {[%emt 0:00:02]} 31. Rd1 {[%emt 0:00:01]} Qe5 {[%emt 0:00:02]} 32. Kf1 {[%emt 0:00:01]} Bc4+ {[%emt 0:00:01]} 33. Kg1 {[%emt 0:00:01]} Bh2+ {[%emt 0:00:01]} 34. Kh1 {[%emt 0:00:01] .} Bb3 {[%emt 0:00:02]} 0-1

[Event "Test Tournament"]
[Site "Emanuel Lasker Arena"]
[Date "2024.04.09"]
[Round "4"]
[White "LiliBeth"]
[Black "Daenerys"]
[Result "1-0"]
[WhiteElo "1853"]
[BlackElo "1922"]
[Annotator "RC"]
[PlyCount "23"]
[EventDate "2024.04.09"]
[EventType "swiss (blitz)"]

1. d4 {[%emt 0:00:01]} Nf6 {[%emt 0:00:00]} 2. c4 {[%emt 0:00:02]} e6 {[%emt 0:00:01]} 3. Nf3 {[%emt 0:00:01]} b6 {[%emt 0:00:01]} 4. g3 {[%emt 0:00:02]} Ba6 {[%emt 0:00:01]} 5. b3 {[%emt 0:00:01]} Bb4+ {[%emt 0:00:01]} 6. Bd2 {[%emt 0:00:01]} Be7 {[%emt 0:00:01]} 7. Nc3 {[%emt 0:00:01]} O-O {[%emt 0:00:01]} 8. e4 {[%emt 0:00:01]} d5 {[%emt 0:00:00]} 9. cxd5 {[%emt 0:00:05]} exd5 {[%emt 0:00:01]} 10. e5 {[%emt 0:00:01]} Ne4 {[%emt 0:00:04]} 11. Bxa6 {[%emt 0:00:01]} Nxa6 {[%emt 0:00:01]} 12. O-O {[%emt 0:00:03] Daenerys resigns (Lag: Av=0.05s, max=0.1s)} 1-0

[Event "Test Tournament"]
[Site "Emanuel Lasker Arena"]
[Date "2024.04.09"]
[Round "4"]
[White "LiliBeth"]
[Black "Lord Grantham"]
[Result "*"]
[WhiteElo "1853"]
[BlackElo "1766"]
[Annotator "NA RC"]
[PlyCount "61"]
[EventDate "2024.04.09"]
[EventType "swiss (blitz)"]

{LiliBeth resigns Lord Grantham resigns} 1. e4 {[%emt 0:00:01]} e5 {[%emt 0:00:01]} 2. Nf3 {[%emt 0:00:01]} Nc6 {[%emt 0:00:01]} 3. Bb5 {[%emt 0:00:01]} a6 {[%emt 0:00:01]} 4. Ba4 {[%emt 0:00:01]} Nf6 {[%emt 0:00:01]} 5. O-O {[%emt 0:00:01]} Be7 {[%emt 0:00:01]} 6. Re1 {[%emt 0:00:01]} b5 {[%emt 0:00:01]} 7. Bb3 {[%emt 0:00:06]} O-O {[%emt 0:00:01]} 8. c3 {[%emt 0:00:01]} d6 {[%emt 0:00:01]} 9. h3 {[%emt 0:00:02]} Na5 {[%emt 0:00:01]} 10. Bc2 {[%emt 0:00:01]} c5 {[%emt 0:00:01]} 11. d4 {[%emt 0:00:01]} Qc7 {[%emt 0:00:01]} 12. Nbd2 {[%emt 0:00:01]} Bd7 {[%emt 0:00:01]} 13. d5 {[%emt 0:00:01]} c4 {[%emt 0:00:01]} 14. a4 {[%emt 0:00:01]} Nb7 {[%emt 0:00:02]} 15. Nf1 {[%emt 0:00:03]} Nc5 {[%emt 0:00:06]} 16. Bg5 {[%emt 0:00:03]} g6 {[%emt 0:00:03]} 17. Ng3 {[%emt 0:00:06]} Qb6 {[%emt 0:00:01]} 18. b4 {[%emt 0:00:02]} cxb3 {[%emt 0:00:01]} 19. Bxb3 {[%emt 0:00:00]} bxa4 {[%emt 0:00:01]} 20. Bc4 {[%emt 0:00:02]} Qb2 {[%emt 0:00:03]} 21. Bh6 {[%emt 0:00:02]} a3 {[%emt 0:00:01]} 22. Nd4 {[%emt 0:00:02]} Qxc3 {[%emt 0:00:01]} 23. Nc6 {[%emt 0:00:02]} Bxc6 {[%emt 0:00:01]} 24. Rc1 {[%emt 0:00:01]} Qb2 {[%emt 0:00:03]} 25. Bxf8 {[%emt 0:00:01]} Ba4 {[%emt 0:00:02]} 26. Bxe7 {[%emt 0:00:02]} Bxd1 {[%emt 0:00:01]} 27. Rcxd1 {[%emt 0:00:01]} Qc2 {[%emt 0:00:03]} 28. Rc1 {[%emt 0:00:02]} Qb2 {[%emt 0:00:02]} 29. Bxf6 {[%emt 0:00:01]} a2 {[%emt 0:00:01]} 30. Red1 {[%emt 0:00:02]} Rb8 {[%emt 0:00:02]} 31. Ra1 {[%emt 0:00:01]} *

[Event "Test Tournament"]
[Site "Emanuel Lasker Arena"]
[Date "2024.04.09"]
[Round "4"]
[White "Mrs Florrick"]
[Black "Brutus"]
[Result "0-1"]
[WhiteElo "1780"]
[BlackElo "2041"]
[Annotator "RC"]
[PlyCount "42"]
[EventDate "2024.04.09"]
[EventType "swiss (blitz)"]
[TimeControl "60"]

1. e4 {[%emt 0:00:01]} e5 {[%emt 0:00:01]} 2. Nf3 {[%emt 0:00:01]} Nc6 {[%emt 0:00:01]} 3. Bb5 {[%emt 0:00:01]} a6 {[%emt 0:00:01]} 4. Ba4 {[%emt 0:00:01]} d6 {[%emt 0:00:01]} 5. O-O {[%emt 0:00:02]} Bd7 {[%emt 0:00:01]} 6. c3 {[%emt 0:00:01]} Nf6 {[%emt 0:00:01]} 7. d4 {[%emt 0:00:01]} Be7 {[%emt 0:00:01]} 8. Nbd2 {[%emt 0:00:04]} O-O {[%emt 0:00:01]} 9. Re1 {[%emt 0:00:03]} exd4 {[%emt 0:00:01]} 10. cxd4 {[%emt 0:00:01]} Nb4 {[%emt 0:00:01]} 11. e5 {[%emt 0:00:03]} Bxa4 {[%emt 0:00:01]} 12. Qxa4 {[%emt 0:00:02]} dxe5 {[%emt 0:00:01]} 13. dxe5 {[%emt 0:00:01]} Qd7 {[%emt 0:00:04]} 14. Qa5 {[%emt 0:00:03]} b6 {[%emt 0:00:04]} 15. e6 {[%emt 0:00:03]} fxe6 {[%emt 0:00:01]} 16. Qg5 {[%emt 0:00:03]} Nc2 {[%emt 0:00:03]} 17. Ne5 {[%emt 0:00:01]} Qd5 {[%emt 0:00:04]} 18. Re3 {[%emt 0:00:02]} Nxa1 {[%emt 0:00:01]} 19. b4 {[%emt 0:00:02]} Nc2 {[%emt 0:00:01]} 20. Ne4 {[%emt 0:00:16]} Qd1+ {[%emt 0:00:03]} 21. Re1 {[%emt 0:00:01]} Qxe1# {[%emt 0:00:01] (Lag: Av=0.05s, max=0.1s)} 0-1

[Event "Test Tournament"]
[Site "Emanuel Lasker Arena"]
[Date "2024.04.09"]
[Round "4"]
[White "Lord Grantham"]
[Black "Encheladus"]
[Result "1-0"]
[WhiteElo "1766"]
[BlackElo "1620"]
[Annotator "NA RC"]
[PlyCount "35"]
[EventDate "2024.04.09"]
[EventType "swiss (blitz)"]
[TimeControl "60"]

1. d4 {[%emt 0:00:01]} Nf6 {[%emt 0:00:01]} 2. c4 {[%emt 0:00:01]} c5 {[%emt 0:00:01]} 3. d5 {[%emt 0:00:01]} b5 {[%emt 0:00:01]} 4. Qc2 {[%emt 0:00:01]} b4 {[%emt 0:00:01]} 5. Nf3 {[%emt 0:00:01]} g6 {[%emt 0:00:01]} 6. e4 {[%emt 0:00:01]} d6 {[%emt 0:00:01]} 7. Bd3 {[%emt 0:00:01]} Bg7 {[%emt 0:00:01]} 8. O-O {[%emt 0:00:01]} O-O {[%emt 0:00:01]} 9. h3 {[%emt 0:00:01]} a5 {[%emt 0:00:02]} 10. Re1 {[%emt 0:00:01]} a4 {[%emt 0:00:05]} 11. Be3 {[%emt 0:00:02]} e5 {[%emt 0:00:04]} 12. Bg5 {[%emt 0:00:04]} Ra7 {[%emt 0:00:09]} 13. a3 {[%emt 0:00:04]} Qb6 {[%emt 0:00:03]} 14. axb4 {[%emt 0:00:03]} Qxb4 {[%emt 0:00:01]} 15. Nc3 {[%emt 0:00:03]} a3 {[%emt 0:00:02]} 16. Nb5 {[%emt 0:00:03]} Ra8 {[%emt 0:00:02]} 17. Nxd6 {[%emt 0:00:01]} h6 {[%emt 0:00:02]} 18. Bd2 {[%emt 0:00:03] Time ' (Lag: Av=0.06s, max=0.1s)} 1-0

[Event "Test Tournament"]
[Site "Emanuel Lasker Arena"]
[Date "2024.04.09"]
[Round "4"]
[White "Girlfriend Chess"]
[Black "MikhailBerg"]
[Result "*"]
[WhiteElo "1752"]
[BlackElo "2094"]
[Annotator "RC"]
[PlyCount "58"]
[EventDate "2024.04.09"]
[EventType "swiss (blitz)"]

{Girlfriend Chess resigns MikhailBerg resigns} 1. c4 {[%emt 0:00:01]} e5 {[%emt 0:00:01]} 2. Nc3 {[%emt 0:00:01]} Nf6 {[%emt 0:00:01]} 3. Nf3 {[%emt 0:00:02]} Nc6 {[%emt 0:00:01]} 4. g3 {[%emt 0:00:01]} Bb4 {[%emt 0:00:01]} 5. Bg2 {[%emt 0:00:01]} O-O {[%emt 0:00:01]} 6. O-O {[%emt 0:00:01]} e4 {[%emt 0:00:01]} 7. Nb5 {[%emt 0:00:07]} a6 {[%emt 0:00:01]} 8. Nbd4 {[%emt 0:00:04]} exf3 {[%emt 0:00:01]} 9. Nxf3 {[%emt 0:00:01]} d5 {[%emt 0:00:04]} 10. Qb3 {[%emt 0:00:03]} Bg4 {[%emt 0:00:04]} 11. a4 {[%emt 0:00:03]} Qd7 {[%emt 0:00:04]} 12. a5 {[%emt 0:00:03]} h5 {[%emt 0:00:03]} 13. Rd1 {[%emt 0:00:03]} Bc5 {[%emt 0:00:03]} 14. Qxb7 {[%emt 0:00:02]} h4 {[%emt 0:00:01]} 15. d3 {[%emt 0:00:02]} Rae8 {[%emt 0:00:03]} 16. d4 {[%emt 0:00:02]} dxc4 {[%emt 0:00:01]} 17. Qxa6 {[%emt 0:00:01]} h3 {[%emt 0:00:03]} 18. Bg5 {[%emt 0:00:02]} hxg2 {[%emt 0:00:02]} 19. dxc5 {[%emt 0:00:01]} Qe6 {[%emt 0:00:01]} 20. Bf4 {[%emt 0:00:02]} Nd5 {[%emt 0:00:01]} 21. Qxc4 {[%emt 0:00:01]} Qxe2 {[%emt 0:00:01]} 22. Qxe2 {[%emt 0:00:01]} Rxe2 {[%emt 0:00:00]} 23. Rxd5 {[%emt 0:00:02]} Bxf3 {[%emt 0:00:01]} 24. Rd7 {[%emt 0:00:02]} Rfe8 {[%emt 0:00:02]} 25. Be3 {[%emt 0:00:01]} Ne5 {[%emt 0:00:02]} 26. Rxc7 {[%emt 0:00:01]} Rxb2 {[%emt 0:00:01]} 27. Bd4 {[%emt 0:00:01]} Rc2 {[%emt 0:00:02]} 28. Re1 {[%emt 0:00:01]} Be4 {[%emt 0:00:01]} 29. Bxe5 {[%emt 0:00:01]} Rxe5 {[%emt 0:00:01]} *

[Event "Test Tournament"]
[Site "Emanuel Lasker Arena"]
[Date "2024.04.09"]
[Round "4"]
[White "Girlfriend Chess"]
[Black "Botwinzig"]
[Result "0-1"]
[WhiteElo "1752"]
[BlackElo "1810"]
[Annotator "NA RC"]
[PlyCount "68"]
[EventDate "2024.04.09"]
[EventType "swiss (blitz)"]
[TimeControl "60"]

1. e4 {[%emt 0:00:01]} e5 {[%emt 0:00:02]} 2. Nf3 {[%emt 0:00:01]} Nc6 {[%emt 0:00:01]} 3. Bb5 {[%emt 0:00:01]} a6 {[%emt 0:00:02]} 4. Ba4 {[%emt 0:00:01]} d6 {[%emt 0:00:01]} 5. O-O {[%emt 0:00:01]} Bd7 {[%emt 0:00:01]} 6. c3 {[%emt 0:00:01]} g6 {[%emt 0:00:02]} 7. d4 {[%emt 0:00:01]} b5 {[%emt 0:00:01]} 8. Qb3 {[%emt 0:00:11]} bxa4 {[%emt 0:00:01]} 9. Qxa4 {[%emt 0:00:02]} Nxd4 {[%emt 0:00:04]} 10. Qd1 {[%emt 0:00:06]} Ne6 {[%emt 0:00:04]} 11. Qd5 {[%emt 0:00:03]} Bb5 {[%emt 0:00:03]} 12. Be3 {[%emt 0:00:03]} Bxf1 {[%emt 0:00:00]} 13. Qc6+ {[%emt 0:00:03]} Ke7 {[%emt 0:00:01]} 14. Kxf1 {[%emt 0:00:01]} Nf6 {[%emt 0:00:03]} 15. Ng5 {[%emt 0:00:03]} Ng4 {[%emt 0:00:03]} 16. Nxe6 {[%emt 0:00:02]} Nxe3+ {[%emt 0:00:01]} 17. fxe3 {[%emt 0:00:02]} fxe6 {[%emt 0:00:02]} 18. Nd2 {[%emt 0:00:01]} h5 {[%emt 0:00:02]} 19. b4 {[%emt 0:00:01]} Kf7 {[%emt 0:00:03]} 20. a4 {[%emt 0:00:01]} Bh6 {[%emt 0:00:02]} 21. Nf3 {[%emt 0:00:01]} Bxe3 {[%emt 0:00:02]} 22. h4 {[%emt 0:00:01]} Kg7 {[%emt 0:00:03]} 23. a5 {[%emt 0:00:02]} Rb8 {[%emt 0:00:03]} 24. Qxa6 {[%emt 0:00:01]} Rf8 {[%emt 0:00:02]} 25. Qc6 {[%emt 0:00:02]} Qxh4 {[%emt 0:00:02]} 26. Qxc7+ {[%emt 0:00:01]} Kh6 {[%emt 0:00:01]} 27. Ke2 {[%emt 0:00:02]} Qxe4 {[%emt 0:00:01]} 28. Qd7 {[%emt 0:00:01]} Bc1+ {[%emt 0:00:02]} 29. Kd1 {[%emt 0:00:01]} Qd3+ {[%emt 0:00:01]} 30. Kxc1 {[%emt 0:00:01]} Qxc3+ {[%emt 0:00:01]} 31. Kd1 {[%emt 0:00:01]} Qxa1+ {[%emt 0:00:01]} 32. Ke2 {[%emt 0:00:01]} Rxb4 {[%emt 0:00:01]} 33. Qxd6 {[%emt 0:00:00]} Rff4 {[%emt 0:00:01]} 34. Nd2 {[%emt 0:00:01] .} Qxa5 {[%emt 0:00:01]} 0-1

[Event "Test Tournament"]
[Site "Emanuel Lasker Arena"]
[Date "2024.04.09"]
[Round "4"]
[White "Dominatrix"]
[Black "Zimtowitch"]
[Result "*"]
[WhiteElo "1733"]
[BlackElo "1896"]
[Annotator "NA RC"]
[PlyCount "61"]
[EventDate "2024.04.09"]
[EventType "swiss (blitz)"]

{Dominatrix resigns Zimtowitch resigns} 1. e4 {[%emt 0:00:01]} c6 {[%emt 0:00:01]} 2. d4 {[%emt 0:00:01]} d5 {[%emt 0:00:01]} 3. e5 {[%emt 0:00:01]} Bf5 {[%emt 0:00:01]} 4. g4 {[%emt 0:00:01]} Be4 {[%emt 0:00:01]} 5. f3 {[%emt 0:00:01]} Bg6 {[%emt 0:00:05]} 6. h4 {[%emt 0:00:01]} h6 {[%emt 0:00:01]} 7. f4 {[%emt 0:00:01]} Be4 {[%emt 0:00:01]} 8. Rh3 {[%emt 0:00:04]} e6 {[%emt 0:00:02]} 9. Nc3 {[%emt 0:00:02]} Bb4 {[%emt 0:00:01]} 10. Bd2 {[%emt 0:00:04]} Bxc3 {[%emt 0:00:01]} 11. Bxc3 {[%emt 0:00:01]} a5 {[%emt 0:00:04]} 12. g5 {[%emt 0:00:03]} Qb6 {[%emt 0:00:03]} 13. g6 {[%emt 0:00:03]} h5 {[%emt 0:00:01]} 14. f5 {[%emt 0:00:03]} Bxf5 {[%emt 0:00:01]} 15. Qf3 {[%emt 0:00:03]} fxg6 {[%emt 0:00:01]} 16. Kf2 {[%emt 0:00:02]} Nd7 {[%emt 0:00:01]} 17. a4 {[%emt 0:00:02]} Nxe5 {[%emt 0:00:03]} 18. Qf4 {[%emt 0:00:02]} Nf6 {[%emt 0:00:03]} 19. Re1 {[%emt 0:00:02]} Neg4+ {[%emt 0:00:01]} 20. Kf3 {[%emt 0:00:02]} Ne4 {[%emt 0:00:03]} 21. Bd3 {[%emt 0:00:02]} O-O {[%emt 0:00:01]} 22. Rf1 {[%emt 0:00:02]} e5 {[%emt 0:00:02]} 23. dxe5 {[%emt 0:00:01]} Nxc3 {[%emt 0:00:01]} 24. bxc3 {[%emt 0:00:01]} Be4+ {[%emt 0:00:02]} 25. Bxe4 {[%emt 0:00:01]} dxe4+ {[%emt 0:00:01]} 26. Kg2 {[%emt 0:00:01]} Rxf4 {[%emt 0:00:01]} 27. Rxf4 {[%emt 0:00:01]} Nxe5 {[%emt 0:00:01]} 28. Rxe4 {[%emt 0:00:01]} Ng4 {[%emt 0:00:01]} 29. Re7 {[%emt 0:00:02]} Qc5 {[%emt 0:00:01]} 30. Rxb7 {[%emt 0:00:01]} Re8 {[%emt 0:00:01]} 31. Rf3 {[%emt 0:00:01]} *